Les lapins et lièvres de l'univers Disney - Statistiques

Statistiques générales
  • Ce quiz a été pris 106 fois
  • Le résultat moyen est 8 sur 10
Statistiques - réponses
Question Réponse % Correct
Comment se prénomme le lapin jaune maniaque dans "Les aventures de Winnie l'ourson" ? Coco Lapin
100%
Qui est le lapin possédant une montre géante et est tout le temps en retard dans "Alice au pays des merveilles" ? Lapin blanc
100%
Quel est le prénom du meilleur ami de Bambi qui ne fait que taper du pied ? Panpan
100%
Comment se nomme la lapine policière dans "Zootopie", acolyte de Nick Wilde ? Judy Hopps
95%
Comment se prénom l'amoureux de Jessica Rabbit dans le film portant le nom de ce lapin ? Roger Rabbit
90%
Comment se nomme la copine du petit lapin gris dans "Bambi" ? Miss Bunny
75%
Quel est le prénom du lapin bleu en peluche accompagné de son ami Ducky dans "Toy Story 4" ? Bunny
70%
Comment ce nomme le lièvre qui accompagne le Chapelier Fou dans "Alice au pays des merveilles" ? Lièvre de Mars
70%
Comment se nomme le premier héros lapin imaginé par Walt Disney avant Mickey Mouse ? Oswald Rabbit
60%
Qui sont les parents de l'héroïne principale de "Zootopie" ? Bonnie et Stu
40%
Aucun quiz correspondant
Distribution des résultats
% des personnes avec chaque résultat
Percentile par nombre de réponses
Votre historique - résultats
Vous n’avez pas pris ce quiz